La importancia del contenido en la enseñanza: actividades en las clases de matemáticas y ciencias sociales

El presente análisis representa un desafío para la investigación educativa, pues se trata de un estudio pionero acerca de las interacciones entre las formas de instrucción, los niveles de la implicación estudiantil y los contenidos.

Gardado en:
Detalles Bibliográficos
Autor Principal: Stodolsky, Susan S.
Formato: Libro
Idioma:Spanish
Publicado: Barcelona: Ediciones Paidós Ibérica ; MEC, 1991
Series:Temas de educación; No. 27
Subjects:
Acceso en liña:Enlace del recurso
Tags: Engadir etiqueta
Sen Etiquetas, Sexa o primeiro en etiquetar este rexistro!

MARC

LEADER 00000nam a2200000 a 4500
001 001381
008 040310s1991 sp a fr# #001|0#spa#d
020 |a 84-7509-729-4 
041 0 |a spa 
043 |a e-sp--- 
082 0 4 |a 372.1119  |b S752i 
100 1 |a Stodolsky, Susan S. 
245 1 3 |a La importancia del contenido en la enseñanza:  |b actividades en las clases de matemáticas y ciencias sociales   |c Susan S. Stodolsky 
260 |a Barcelona:  |b Ediciones Paidós Ibérica ; MEC,  |c 1991 
300 |a 216 p.:  |b il., tabl. 
440 0 |a Temas de educación;  |v No. 27 
504 |a Incluye bibliografía e índices. 
520 3 |a El presente análisis representa un desafío para la investigación educativa, pues se trata de un estudio pionero acerca de las interacciones entre las formas de instrucción, los niveles de la implicación estudiantil y los contenidos. 
534 |p Título original:  |t The subject matters. Classroom activity in math and social studies 
650 1 4 |a ESCUELA ACTIVA 
650 1 4 |a PEDAGOGÍA 
999 |c 3533  |d 3533 
856 |u https://catalogo.idep.edu.co/cgi-bin/koha/opac-detail.pl?biblionumber=3533  |z Enlace del recurso